000 00854nam a22002417a 4500
005 20130708170558.0
010 _aENG-104525
020 _a9788184504132
_c1880.00
035 _aEN-88058
035 _aB-491847
037 _bDBAD/PUB
037 _bdpl
_aJanvani Prakashan/Ven
082 _a658.022
100 _aDayanandan, R.
245 0 0 _aEntrepreneurship development and small business management /
_cby R.Dayanandan [and] A.Nilasco Arputharaj
260 _aNew Delhi
_bDeep & Deep Publications
_c2012
270 _aF-159, Rajouri Garden,
_bNew Delhi
_e110027
300 _axvi,680p.
_c22cm (Hb)
500 _aIncludes index
700 _aNilasco Arputharaj, A.
_937635
942 _2ddc
_cEN
_mDAY
_h658.022
999 _c60012
_d60012